Statistiques concernant Personnalités francophones en E

Cliquez ici pour prendre le quiz!

Statistiques générales

  • Ce quiz a été pris 13 467 fois
  • Le résultat moyen est 8 sur 16

Statistiques - réponses

Réponse% Correct
Gustave Eiffel
94%
Philippe Etchebest
93%
Gad Elmaleh
89%
Louane Emera
77%
Roméo Elvis
73%
Virginie Efira
72%
Samuel Etienne
68%
Fabrice Eboué
67%
Adèle Exarchopoulos
64%
Jean-Pierre Elkabbach
21%
Elsa
18%
Sofia Essaïdi
16%
Stephan Eicher
12%
Henri Emmanuelli
6%
Léopold Eyharts
3%
Max Ernst
2%

Distribution des résultats

Percentile par nombre de réponses

% des personnes avec chaque résultat

Votre développement - résultats

Vous n’avez pas pris ce quiz